Joan Rivers Quotes Quiz Stats

Quiz Updated Sep 10, 2014

Also try: Quotable Comedians
Challenge
Share
Tweet
Embed
Score 0/16 Timer 04:00
1 Play Today
% Correct
surgery
96.3%
nightgown
95.9%
stinks
95.9%
painkiller
95.8%
joke
95.8%
property
95.6%
1963
95.4%
kid
95.3%
% Correct
great
94.9%
noon
94.8%
smiling
94.6%
key
89.7%
radio
89.6%
bypass
87.6%
jewelry
82.3%
tampon
72.1%

You're not logged in!

Compare scores with friends on all Sporcle quizzes.
Sign Up with Email
OR
Log In

You Might Also Like...

Show Comments

Extras

Top Quizzes Today


Score Distribution

Your Account Isn't Verified!

In order to create a playlist on Sporcle, you need to verify the email address you used during registration. Go to your Sporcle Settings to finish the process.